Dejepis : cvičebnica dejepisu pre 5. ročník základnej školy. Denník z pátrania po minulosti /
Uložené v:
| Hlavní autori: | , |
|---|---|
| Médium: | Kniha |
| Jazyk: | Slovak |
| Vydané: |
Bratislava :
Orbis Pictus Istropolitana,
2010.
|
| Vydanie: | [1. vyd.] |
| Témy: | |
| ISBN: |
9788071589976 (brož.) |
| Fyzický popis: |
40 s. : fotogr., il., mp. ; 30 cm. |
| Tagy: |
Pridať tag
Žiadne tagy, Buďte prvý kto otaguje tento záznam!
|
Titul je dostupný aj v ... 

MARC
| LEADER | 00000nam a2200000 a 4500 | ||
|---|---|---|---|
| 001 | 000219913 | ||
| 005 | 20101007072111.0 | ||
| 008 | 100421s2010 xo abo b p 000 0 slo d | ||
| 020 | |a 9788071589976 (brož.) | ||
| 040 | |a SVKKK |b slo |c SVKKK |e AACR2 | ||
| 041 | 0 | |a slo | |
| 044 | |a xo |c SK | ||
| 072 | 7 | |a 93/94 |x Dejiny (všeobecne) |2 konspekt | |
| 072 | 7 | |a 37.016 |x Učebné osnovy. Vyučovacie predmety. Učebnice |2 konspekt | |
| 080 | |a 37.016:93/94 |2 2001 | ||
| 080 | |a (075.2) |2 2001 | ||
| 080 | |a (076.1) |2 2001 | ||
| 100 | 1 | |a Daniš, Miroslav, |d 1960- | |
| 245 | 1 | 0 | |a Dejepis : |b cvičebnica dejepisu pre 5. ročník základnej školy. |p Denník z pátrania po minulosti / |c Miroslav Daniš, Viliam Kratochvíl. |
| 246 | 3 | 0 | |a Denník z pátrania po minulosti |
| 250 | |a [1. vyd.] | ||
| 260 | |a Bratislava : |b Orbis Pictus Istropolitana, |c 2010. | ||
| 300 | |a 40 s. : |b fotogr., il., mp. ; |c 30 cm. | ||
| 650 | 0 | 7 | |a dejepis |2 SVKKKPH |
| 655 | 7 | |a učebnice základných škôl |2 SVKKKPH | |
| 655 | 7 | |a pracovné zošity |2 SVKKKPH | |
| 700 | 1 | |a Kratochvíl, Viliam, |d 1954- |4 aut | |
| 910 | |a svkkk | ||
| 919 | |a 978-80-7158-997-6 | ||
| 998 | |a BK | ||
| 090 | |g SCKHL |k Sklad Hlavná 10 prízemie |a V.224149 |j 1019536 |i 2720180511 |s Absenčne | ||